000 01342cam a2200289 4500
001 X113046
008 000000n2001 000 0 eng u
035 _a(Sirsi) u113046
100 _aAkenhead, R.
245 _aToo much of a good thing
260 _c2001
490 _aBuilding
_v266(8187) 1 June 2001, 52(1)
520 _aAnalyses the substantial effects that of the European Convention of Human Rights Art 6 and Art 8 can have on UK construction, planning and development, and their inconsistency with the Human Rights Act 1998. Demonstrates the possibility of interference by a public authority with 'the right to a fair trial' and 'the right to the right to respect for his private and family right and his home'.
650 _aCONSTRUCTION INDUSTRY
650 _aHUMAN RIGHTS ACT 1998
650 _aCONVENTION FOR THE PROTECTION OF HUMAN RIGHTS AND FUNDAMENTAL FREEDOMS
650 _aPLANNING
650 _aCOURT PROCEEDINGS
650 _aSTATUTORY ADJUDICATION
650 _aCIRCUIT SYSTEMS LTD AND BASTEN V ZUKEN-REDAC (UK) LTD
650 _aDISCAIN PROJECT SERVICES LTD V OPECPRIME DEVELOPMENT LTD
650 _aAUSTIN HALL BUILDING LTD V BUCKLAND SECURITIES LTD
650 _aR V SOS ENVIRONMENT EX P HOLDING AND BARNES PLC
650 _aTOWN AND COUNTRY PLANNING ACT 1990
690 _aLAW
942 _n0
999 _c67291
_d67291